000
00328nam a2200169Ia 4500
100
_a
Brown martin/C
650
_a
Perl
250
_a
2
942
_c
BK
366
_f
20
245
_a
Perl:Complete reference
260
_b
McGraw Hill
_c
2001
082
_a
5.133
_b
BRO
300
_a
1207
546
_a
ENGLISH
999
_c
31344
_d
31344